[Event "1. liga V 18/19, Orlova-Jundrov"]
[Site ""]
[Date "2018.11.25"]
[Round "3.7"]
[White "Kostka, Vit"]
[Black "Slepov, Kyryl"]
[Result "1/2-1/2"]
[WhiteElo "2146"]
[BlackElo "2129"]
[PlyCount "0"]
[WhiteTeam "SK Slavia Orlova"]
[BlackTeam "Jezdci Jundrov"]
[EventDate "2018.10.21"]

1. e4 e5 2. Nf3 Nf6 3. Nxe5 d6 4. Nf3 Nxe4 5. Nc3 Nxc3 6. dxc3 Be7 7. Bd3 Nd7
8. Be3 Nf6 9. Qd2 O-O 10. O-O-O c5 11. c4 b5 12. cxb5 d5 13. Ne5 Qc7 14. Nc6
Bd6 15. Qa5 Qb7 16. Qa4 Bd7 17. Qh4 Bxc6 18. bxc6 Qxc6 19. Bg5 Ne4 20. Bxe4
dxe4 21. Bf4 Bxf4+ 22. Qxf4 Qe6 23. Kb1 Rad8 24. Rhe1 f5 1/2-1/2

[Event "1. liga V 18/19, Orlova-Jundrov"]
[Site ""]
[Date "2018.11.25"]
[Round "3.8"]
[White "Ruzicka, Martin"]
[Black "Sramek, Vojtech"]
[Result "0-1"]
[WhiteElo "1954"]
[BlackElo "2225"]
[PlyCount "0"]
[WhiteTeam "Jezdci Jundrov"]
[BlackTeam "SK Slavia Orlova"]
[EventDate "2018.10.21"]

1. d4 d5 2. c4 c6 3. Nc3 Nf6 4. Nf3 e6 5. e3 Nbd7 6. Bd2 Bd6 7. Qc2 O-O 8. Bd3
dxc4 9. Bxc4 b5 10. Bd3 Bb7 11. e4 e5 12. O-O exd4 13. Nxd4 Nc5 14. f4 Bxf4 15.
Nce2 Bxd2 16. Qxc5 Nd7 17. Qd6 Be3+ 18. Kh1 Nb6 19. Nf5 Qxd6 20. Nxd6 Rad8 21.
Nxb7 Rxd3 22. Rf3 Nc4 23. Nf4 Rd7 24. b3 Ne5 25. Rxe3 Rxb7 26. Nd3 Re8 27. Rc1
Rd7 28. Nxe5 Rxe5 29. Rec3 g6 30. Rxc6 Rxe4 31. h3 Re2 32. R1c2 Rxc2 33. Rxc2
Rd5 34. Rc8+ Kg7 35. Ra8 Rd7 36. Rb8 Rd5 37. b4 Re5 38. Rb7 a6 39. Ra7 Re6 40.
Kh2 h5 41. Kg1 Rc6 42. a3 g5 43. h4 g4 44. Kf2 Kg6 45. Ra8 f6 46. Ke2 Kf5 47.
g3 Rc2+ 48. Kd3 Rg2 49. Rxa6 Rxg3+ 50. Ke2 Rg2+ 51. Kf1 Ra2 52. Ra5 g3 53.
Rxb5+ Kg4 54. Rc5 Kh3 0-1

[Event "1. liga V 18/19, Polabiny-Trinec"]
[Site ""]
[Date "2018.11.25"]
[Round "3.1"]
[White "Varejcko, Josef"]
[Black "Walek, Milan"]
[Result "0-1"]
[WhiteElo "2242"]
[BlackElo "2300"]
[PlyCount "0"]
[WhiteTeam "2222 SK Polabiny "C""]
[BlackTeam "TZ Trinec"]
[EventDate "2018.10.21"]

1. d4 Nf6 2. Nf3 g6 3. g3 Bg7 4. Bg2 O-O 5. O-O d6 6. b4 c6 7. a4 Bf5 8. Bb2
Qc8 9. Re1 a5 10. c3 axb4 11. cxb4 Na6 12. b5 Nb4 13. Na3 Nbd5 14. Nd2 Bh3 15.
Bf3 Bg4 16. Bh1 cxb5 17. Nxb5 Qd7 18. Qb3 Be6 19. e4 Nc7 20. d5 Bh3 21. Nxc7
Qxc7 22. Rec1 Qd8 23. Nc4 Nd7 24. Bxg7 Kxg7 25. Qxb7 Rb8 26. Qa7 Nc5 27. Rcb1
Ra8 28. Qb6 Rxa4 29. Rxa4 Nxa4 30. Qd4+ f6 31. Nxd6 Qa5 32. Nc4 Rb8 33. Rc1 Qb4
34. e5 Nc3 35. Bf3 Na2 36. exf6+ Kg8 37. Ra1 exf6 38. d6 Nc3 39. Rc1 Nb5 40.
Qxf6 Nc3 41. Qd4 Re8 42. d7 Re1+ 0-1

[Event "1. liga V 18/19, Polabiny-Trinec"]
[Site ""]
[Date "2018.11.25"]
[Round "3.2"]
[White "Sikorova, Olga"]
[Black "Jirasek, Pavel"]
[Result "0-1"]
[WhiteElo "2283"]
[BlackElo "2236"]
[PlyCount "0"]
[WhiteTeam "TZ Trinec"]
[BlackTeam "2222 SK Polabiny "C""]
[EventDate "2018.10.21"]

1. c4 Nf6 2. Nf3 b6 3. g3 Bb7 4. Bg2 e6 5. O-O c5 6. b3 Be7 7. Bb2 O-O 8. e3 d5
9. Nc3 dxc4 10. bxc4 Nc6 11. Qe2 Rc8 12. d3 Qc7 13. Ne1 a6 14. Rb1
Rfd8 15. Ba1 Rb8 16. f4 Na7 17. g4 b5 18. g5 Ne8 19. cxb5 Bxg2 20. Qxg2 Nxb5
21. Ne4 Nbd6 22. Rc1 Nxe4 23. Qxe4 Qa5 24. Rf2 Rb4 25. Qe5 Qb5 26. Rfc2 Qb6 27.
Qc3 Qb7 28. h4 Qd5 29. e4 Qb7 30. Re2 Rb1 31. Rb2 Rxb2 32. Qxb2 Qc7 33. Qf2 Bd6
34. e5 Be7 35. Qc2 Qd7 36. Rb1 g6 37. Qc4 Qc6 38. Bc3 Rc8 39. Rb3 Nc7 40. Ba5
Nd5 41. Kf2 Bd8 42. Bxd8 Rxd8 43. Nf3 Nc7 44. Rc3 Nb5 45. Rc1 Qb6 46. Qxc5 Qa5
47. Qc4 Qb6+ 48. Kg3 Qe3 49. Re1 Qxd3 50. Qxd3 Rxd3 51. Kg4 Nc3 52. Rc1 Nd5 53.
Rc2 Ne3+ 0-1

[Event "1. liga V 18/19, Polabiny-Trinec"]
[Site ""]
[Date "2018.11.25"]
[Round "3.3"]
[White "Ludvik, Tomas"]
[Black "Sikora, Jan"]
[Result "1/2-1/2"]
[WhiteElo "2138"]
[BlackElo "2176"]
[PlyCount "0"]
[WhiteTeam "2222 SK Polabiny "C""]
[BlackTeam "TZ Trinec"]
[EventDate "2018.10.21"]

1. d4 Nf6 2. c4 e6 3. Nc3 Bb4 4. e3 O-O 5. Bd3 d5 6. Nf3 c5 7. O-O dxc4 8. Bxc4
Nbd7 9. a3 cxd4 10. Qxd4 Nb6 11. Be2 Qxd4 12. exd4 Bd6 13. Bg5 Nbd5 14. Bxf6
Nxc3 15. bxc3 gxf6 16. a4 Bd7 17. a5 Rac8 18. c4 Bc6 19. Rfd1 Bxf3 20. Bxf3
Rxc4 21. Bxb7 Rd8 22. d5 Bc5 23. Rac1 Rxc1 24. Rxc1 Bd4 25. dxe6 fxe6 26. a6
Bb2 27. Rc8 1/2-1/2

[Event "1. liga V 18/19, Polabiny-Trinec"]
[Site ""]
[Date "2018.11.25"]
[Round "3.4"]
[White "Movsesian, Julia"]
[Black "Pulpan, Matej"]
[Result "1/2-1/2"]
[WhiteElo "2324"]
[BlackElo "2067"]
[PlyCount "0"]
[WhiteTeam "TZ Trinec"]
[BlackTeam "2222 SK Polabiny "C""]
[EventDate "2018.10.21"]

1. e4 e6 2. d4 d5 3. Nd2 c5 4. exd5 Qxd5 5. dxc5 Bxc5 6. Ngf3 Nf6 7. Bc4 Qh5 8.
O-O O-O 9. Nb3 Bb6 10. Qe2 Nc6 11. Bf4 Bd7 12. h3 Rfe8 13. Rfe1 Nb4 14. Qd2 Nc6
15. Bg5 Rad8 16. Qf4 e5 17. Qg3 Kh8 18. Be2 Ne4 19. Nxe5 Qxe2 20. Nxf7+ Kg8 21.
Rxe2 Nxg3 22. Rd2 Ne4 23. Bxd8 (23. Nxd8 Nxd2 24. Nxd2 Nxd8 25. Nc4 Bc7 26. Be3
a6 27. Rd1 Bc6 28. b3 Ne6 29. g3 Rd8 30. Rxd8+ Nxd8 31. f4 Kf7 32. Kf2 Ke6 33.
g4 g6 34. h4 Nf7 35. Nd2 Nd6 36. Nf3 Ne4+ 37. Kg1 h5 38. f5+ gxf5 39. gxh5 Be5
40. h6 Bh8 41. h7 Kf7 42. Bd4 Bxd4+ 43. Nxd4 Kg7 44. Nxf5+ Kxh7 45. Kf1 Bd7 46.
Ne3 Kg6 47. a4 Ng3+ 48. Ke1 Kf6 49. Kd2 Ke6 50. Kd3 Be8 51. Kd4 Nf5+) 23...
Nxd2 24. Nxd2 1/2-1/2

[Event "1. liga V 18/19, Polabiny-Trinec"]
[Site ""]
[Date "2018.11.25"]
[Round "3.5"]
[White "Gloser, David"]
[Black "Fargac, Martin"]
[Result "1-0"]
[WhiteElo "2041"]
[BlackElo "2244"]
[PlyCount "0"]
[WhiteTeam "2222 SK Polabiny "C""]
[BlackTeam "TZ Trinec"]
[EventDate "2018.10.21"]

1. e4 e5 2. Nf3 Nc6 3. Bc4 Bc5 4. c3 Nf6 5. d3 d6 6. Bb3 O-O 7. h3 h6 8. Nbd2
Re8 9. Nf1 d5 10. Qe2 a5 11. a4 b6 12. Ng3 Ba6 13. Bc2 dxe4 14. Nxe4 Nxe4 15.
Qxe4 Bb7 16. Qg4 Bc8 17. Qh5 Ba6 18. O-O e4 19. Bb3 Qf6 20. Nh2 Ne5
21. d4 Bxf1 22. Kxf1 Qg6 23. Qxg6 Nxg6 24. dxc5 bxc5 25. Ng4 Rab8 26. Bc4 Kf8
27. Rb1 f5 28. Ne3 Ne5 29. Be2 f4 30. Ng4 f3 31. Bb5 c6 32. Nxe5 Rbd8 33. Ng6+
Kf7 34. Bc4+ Kxg6 35. Be3 fxg2+ 36. Kxg2 Re5 37. Kf1 Kf6 38. Ke2 g5 39. Rd1
Rxd1 40. Kxd1 Ke7 41. Be2 Kd6 42. Bd2 Rf5 43. Ke1 Rf7 44. c4 Rb7 45. Bc3 Re7
46. Kd2 e3+ 47. fxe3 1-0

[Event "1. liga V 18/19, Polabiny-Trinec"]
[Site ""]
[Date "2018.11.25"]
[Round "3.6"]
[White "Pilch, Roman"]
[Black "Mojzis, Jaroslav"]
[Result "1-0"]
[WhiteElo "2138"]
[BlackElo "2092"]
[PlyCount "0"]
[WhiteTeam "TZ Trinec"]
[BlackTeam "2222 SK Polabiny "C""]
[EventDate "2018.10.21"]

1. Nf3 Nf6 2. g3 b6 3. b3 c5 4. Bg2 Bb7 5. Bb2 e6 6. O-O Be7 7. c4 O-O 8. Nc3
d6 9. d3 a6 10. e4 Nbd7 11. Ne1 Qc7 12. f4 Rfe8 13. Nc2 Rad8 14. Ne3 g6 15. Qd2
Nf8 16. Rae1 Qc8 17. g4 d5 18. exd5 Qb8 19. g5 Nh5 20. Ng4 f6 21.
Ne4 exd5 22. gxf6 dxe4 23. fxe7 Rxe7 24. Nh6# 1-0

[Event "1. liga V 18/19, Polabiny-Trinec"]
[Site ""]
[Date "2018.11.25"]
[Round "3.7"]
[White "Kourek, Josef"]
[Black "Cupek, Martin"]
[Result "1-0"]
[WhiteElo "2098"]
[BlackElo "2071"]
[PlyCount "0"]
[WhiteTeam "2222 SK Polabiny "C""]
[BlackTeam "TZ Trinec"]
[EventDate "2018.10.21"]

1. d4 d6 2. Nf3 Nd7 3. c4 e5 4. Nc3 c6 5. g3 g6 6. Bg2 Qc7 7. O-O Nh6 8. e4 Bg7
9. h3 O-O 10. Be3 f5 11. Ng5 Nf6 12. c5 dxc5 13. dxe5 Nxe4 14. Ncxe4 fxe4 15.
Qb3+ Kh8 16. Bxc5 Re8 17. Bd6 Qa5 18. Nf7+ Nxf7 19. Qxf7 Be6 20. Qxb7 Bd5 21.
Rfe1 Rad8 22. b4 Qb6 23. Qxb6 axb6 24. Rad1 Bxe5 25. Bxe5+ Rxe5 26. Rxe4 Bxe4
27. Rxd8+ Kg7 28. Rd7+ Kh6 29. Rd6 Bxg2 30. Kxg2 Rb5 31. a3 Kg5 32. Rxc6 Kf5
33. Kf3 h5 34. g4+ Kg5 35. gxh5 gxh5 36. Ke4 Kh4 37. f4 Kxh3 38. f5 h4 39. Rg6
1-0

[Event "1. liga V 18/19, Polabiny-Trinec"]
[Site ""]
[Date "2018.11.25"]
[Round "3.8"]
[White "Kvicala, Miroslav"]
[Black "Brozka, Karel"]
[Result "1-0"]
[WhiteElo "2025"]
[BlackElo "1753"]
[PlyCount "0"]
[WhiteTeam "TZ Trinec"]
[BlackTeam "2222 SK Polabiny "C""]
[EventDate "2018.10.21"]

1. d4 Nf6 2. Nf3 g6 3. c4 c5 4. d5 b5 5. cxb5 a6 6. bxa6 Bxa6 7. Nc3 d6 8. e4
Bxf1 9. Kxf1 Bg7 10. g3 O-O 11. Kg2 Nbd7 12. h3 Ra6 13. Re1 Qa8 14. Qc2 Rb8 15.
Bg5 h6 16. Bf4 Nb6 17. Rad1 Nh5 18. e5 Na4 19. Bc1 Nxc3 20. Qxc3 Ra4 21. a3 Qb7
22. Qe3 Qb3 23. Rd3 Qb5 24. b3 Ra6 25. a4 Qb7 26. g4 f5 27. gxh5 g5 28. Nxg5
dxe5 29. Qf3 Rf8 30. Ne4 fxe4 31. Qxe4 Raf6 32. Re2 Rf5 33. Rg3 Kh8 34. Rg6 Kh7
35. Be3 Qd7 36. Rd2 R8f6 37. Qg4 Rf7 38. Re6 R7f6 39. Rxf6 Bxf6 40. Qg6+ Kh8
41. Qxh6+ Kg8 42. Qg6+ Kh8 43. Qg4 Kh7 44. a5 1-0

[Event "1. liga V 18/19, Kromeriz-BSS"]
[Site ""]
[Date "2018.11.25"]
[Round "3.1"]
[White "Malinovsky, Karel"]
[Black "Jasny, Stanislav"]
[Result "1-0"]
[WhiteElo "2460"]
[BlackElo "2375"]
[PlyCount "0"]
[WhiteTeam "Slavia Kromeriz"]
[BlackTeam "BSS Frydek-Mistek "B""]
[EventDate "2018.10.21"]

1. e4 c5 2. Nf3 e6 3. d4 cxd4 4. Nxd4 Nf6 5. Nc3 Nc6 6. Ndb5 Bc5 7. Bf4 O-O 8.
Bc4 Qe7 9. Bd6 Bxd6 10. Qxd6 a6 11. Qxe7 Nxe7 12. Nd6 Ne8 13. O-O-O Nxd6 14. Rxd6
f5 15. g3 fxe4 16. Nxe4 Nf5 17. Rd2 d5 1-0

[Event "1. liga V 18/19, Kromeriz-BSS"]
[Site ""]
[Date "2018.11.25"]
[Round "3.2"]
[White "Piesik, Piotr"]
[Black "Cvek, Robert"]
[Result "1/2-1/2"]
[WhiteElo "2407"]
[BlackElo "2515"]
[PlyCount "0"]
[WhiteTeam "BSS Frydek-Mistek "B""]
[BlackTeam "Slavia Kromeriz"]
[EventDate "2018.10.21"]

1. d4 e6 2. Nf3 Nf6 3. c4 b6 4. Nc3 Bb7 5. Bg5 Be7 6. e3 h6 7. Bxf6 Bxf6 8. Bd3
d6 9. O-O O-O 10. Bc2 Nd7 11. Qd3 g6 12. Nd2 Bg7 13. f4 c5 14. d5 exd5 15. cxd5
Re8 16. Rae1 a6 17. a4 b5 18. e4 c4 19. Qh3 b4 20. Nd1 Rc8 21. Nf3 Nc5 22. f5
b3 23. Bb1 Nxa4 24. e5 dxe5 25. fxg6 fxg6 26. Qg3 e4 27. Rxe4 Qb6+ 28. Kh1 Bxd5
29. Rxe8+ Rxe8 30. Bxg6 Rf8 31. Qg4 Qf6 32. Ne3 Bf7 33. Bb1 Nxb2 34. Qe4 Re8
35. Qh7+ Kf8 36. Ng4 Qf4 37. h3 Bg8 38. Qg6 Bf7 39. Qxa6 h5 40. Nfh2 Qxf1+ 41.
Nxf1 hxg4 42. Qd6+ Kg8 43. Bg6 Bxg6 44. Qxg6 Re1 45. Qf5 Nd3 46. Qc8+ Kh7 47.
Qf5+ Kg8 48. Qc8+ Kh7 49. Qf5+ 1/2-1/2

[Event "1. liga V 18/19, Kromeriz-BSS"]
[Site ""]
[Date "2018.11.25"]
[Round "3.3"]
[White "Lanc, Alois"]
[Black "Vesselovsky, Serguei"]
[Result "1/2-1/2"]
[WhiteElo "2286"]
[BlackElo "2328"]
[PlyCount "0"]
[WhiteTeam "Slavia Kromeriz"]
[BlackTeam "BSS Frydek-Mistek "B""]
[EventDate "2018.10.21"]

1. e4 c5 2. Nf3 Nc6 3. d4 cxd4 4. Nxd4 g6 5. Nc3 Bg7 6. Be3 Nf6 7. Bc4 O-O 8.
Bb3 Qc7 9. h3 a6 10. O-O b5 11. a4 b4 12. Nd5 Nxd5 13. Bxd5 1/2-1/2

[Event "1. liga V 18/19, Kromeriz-BSS"]
[Site ""]
[Date "2018.11.25"]
[Round "3.4"]
[White "Rabatin, Jakub"]
[Black "Pastircak, Milan"]
[Result "1-0"]
[WhiteElo "2298"]
[BlackElo "2287"]
[PlyCount "0"]
[WhiteTeam "BSS Frydek-Mistek "B""]
[BlackTeam "Slavia Kromeriz"]
[EventDate "2018.10.21"]

1. e4 e5 2. Nf3 Nf6 3. Nxe5 d6 4. Nf3 Nxe4 5. Nc3 Nf6 6. d4 Be7 7. d5 O-O 8.
Be2 Bg4 9. h3 Bxf3 10. Bxf3 Nfd7 11. O-O Bg5 12. Qd4 a5 13. Be2 Nc5 14. a3 Bf6
15. Qd1 Nbd7 16. Nb5 Re8 17. Rb1 Ne4 18. Bf4 Nf8 19. Bg4 Ng6 20. Be3 Ne5 21.
Be2 Nd7 22. Re1 Ndc5 23. Bf3 a4 24. Bxc5 1-0

[Event "1. liga V 18/19, Kromeriz-BSS"]
[Site ""]
[Date "2018.11.25"]
[Round "3.5"]
[White "Mudrak, Josef"]
[Black "Taus, Martin"]
[Result "1-0"]
[WhiteElo "2261"]
[BlackElo "2102"]
[PlyCount "0"]
[WhiteTeam "Slavia Kromeriz"]
[BlackTeam "BSS Frydek-Mistek "B""]
[EventDate "2018.10.21"]

1. d4 d5 2. Nf3 Nc6 3. c4 Bg4 4. e3 e5 5. Qb3 Bxf3 6. gxf3 Bb4+ 7. Bd2 Bxd2+ 8.
Nxd2 exd4 9. cxd5 Nce7 10. e4 Nf6 11. Qxb7 O-O 12. Rc1 Nexd5 13. exd5 Re8+ 14.
Kd1 Nxd5 15. Bc4 Ne3+ 16. fxe3 dxe3 17. Rc2 exd2 18. Rxd2 Qf6 19. Re1 Rxe1+ 20.
Kxe1 Re8+ 21. Kd1 g6 22. Rd7 Rd8 23. Bxf7+ Kg7 24. Rxd8 Qxd8+ 25. Bd5 Qd6 26.
h4 Qf4 27. Qxa7 Qxh4 28. Qxc7+ Kh6 29. Qe5 1-0

[Event "1. liga V 18/19, Kromeriz-BSS"]
[Site ""]
[Date "2018.11.25"]
[Round "3.6"]
[White "Mica, Marek"]
[Black "Kapusta, Petr"]
[Result "0-1"]
[WhiteElo "2087"]
[BlackElo "2238"]
[PlyCount "0"]
[WhiteTeam "BSS Frydek-Mistek "B""]
[BlackTeam "Slavia Kromeriz"]
[EventDate "2018.10.21"]

1. d4 Nf6 2. Nf3 g6 3. c4 Bg7 4. g3 O-O 5. Bg2 d6 6. O-O Nc6 7. Nc3 a6 8. h3
Rb8 9. e4 b5 10. d5 b4 11. Nb1 Na5 12. Nbd2 c5 13. Qc2 Qb6 14. Nb3 Nb7 15. a4
Na5 16. Nxa5 Qxa5 17. Nd2 Nd7 18. Nb3 Qc7 19. Bg5 e5 20. dxe6 fxe6 21. Rad1 Ne5
22. Bf4 Bd7 23. Ra1 Rf7 24. Rfd1 Rbf8 25. Rd2 h6 26. h4 Rxf4 27. gxf4 Rxf4 28.
Rad1 Bxa4 29. Rxd6 Nc6 30. Rd7 Qe5 31. Ra1 Bxb3 32. Qxb3 Nd4 33. Qd3 Rxh4 34.
Kf1 Qh5 35. Kg1 Qg5 36. Qe3 Qh5 37. Qd3 Ne2+ 38. Kf1 Nd4 39. Kg1 Be5 40. f4
Rxf4 41. Rd8+ Kf7 42. Re1 Rf6 43. Bh3 Nf3+ 44. Kf2 Qh4+ 45. Ke3 Qxe1+ 46. Qe2
Bd4+ 47. Rxd4 cxd4+ 48. Kd3 Qb1+ 49. Qc2 Ne1+ 0-1

[Event "1. liga V 18/19, Kromeriz-BSS"]
[Site ""]
[Date "2018.11.25"]
[Round "3.7"]
[White "Karlik, Vladimir"]
[Black "Stalmach, Richard"]
[Result "1/2-1/2"]
[WhiteElo "2153"]
[BlackElo "2028"]
[PlyCount "0"]
[WhiteTeam "Slavia Kromeriz"]
[BlackTeam "BSS Frydek-Mistek "B""]
[EventDate "2018.10.21"]

1. d4 Nf6 2. Nf3 e6 3. Bf4 b6 4. Nbd2 Bb7 5. e3 Be7 6. h3 O-O 7. Bd3 d5 8. O-O
Nbd7 9. c3 Ne4 10. Qc2 f5 11. Ne5 c5 12. Nxd7 Qxd7 13. Nxe4 fxe4 14. Be2 Rac8
15. Qd2 Bd6 16. Bxd6 Qxd6 17. f3 exf3 18. Rxf3 e5 19. Raf1 Rxf3 20. Bxf3 cxd4
21. cxd4 e4 22. Bg4 Rc7 1/2-1/2

[Event "1. liga V 18/19, Kromeriz-BSS"]
[Site ""]
[Date "2018.11.25"]
[Round "3.8"]
[White "Laurincova, Kristyna"]
[Black "Cagasik, Tomas"]
[Result "0-1"]
[WhiteElo "1928"]
[BlackElo "2185"]
[PlyCount "0"]
[WhiteTeam "BSS Frydek-Mistek "B""]
[BlackTeam "Slavia Kromeriz"]
[EventDate "2018.10.21"]

1. e4 d5 2. exd5 Qxd5 3. Nc3 Qd8 4. d4 g6 5. Nf3 Bg7 6. Bc4 Nf6 7. Be3 c6 8.
Qd2 h6 9. Ne5 Nd5 10. O-O-O Be6 11. Nxd5 Bxd5 12. Kb1 Bxc4 13. Nxc4 Qd5 14. Qe2
O-O 15. g4 Nd7 16. h4 Qb5 17. Qf1 Rad8 18. f4 f5 19. g5 hxg5 20. hxg5 Nb6 21.
Nxb6 Qxf1 22. Rhxf1 axb6 23. d5 Rxd5 24. Rxd5 cxd5 25. Bxb6 Kf7 26. Rd1 Rh8 27.
a4 Rh4 28. Bc7 Ke6 29. a5 Kd7 30. Bb8 Kc8 31. Ba7 e6 32. Be3 Bf8 33. c4 dxc4
34. Rc1 Bd6 35. Rxc4+ Kd7 36. b3 Rh3 37. Rc3 Bxf4 38. Bxf4 Rxc3 39. Kb2 Rf3 0-1

[Event "1. liga V 18/19, Litovel-RnK"]
[Site ""]
[Date "2018.11.25"]
[Round "3.1"]
[White "Krejci, Jan"]
[Black "Kozusek, Daniel"]
[Result "1/2-1/2"]
[WhiteElo "2563"]
[BlackElo "2374"]
[PlyCount "0"]
[WhiteTeam "TJ Tatran Litovel"]
[BlackTeam "Panda Rychnov n. K."]
[EventDate "2018.10.21"]

1. d4 e6 2. c4 f5 3. g3 Nf6 4. Bg2 d5 5. Nh3 Bd6 6. Bf4 Be7 7. O-O O-O 8. Nd2
h6 9. cxd5 exd5 10. Qc2 Nc6 11. Nb3 g5 12. Bd2 a5 13. Bc3 Ne4 14. f3 Nxc3 15.
bxc3 Kg7 16. e4 g4 17. fxg4 fxe4 18. Qe2 Bd6 19. Nf4 Bxf4 20. gxf4 b6 21. Rf2
Ba6 22. Qe3 Qh4 23. Bf1 Bxf1 24. Raxf1 Kh7 25. h3 Ne7 26. c4 c6 27. Nd2 h5 28.
Rg2 hxg4 29. hxg4 Rg8 30. Nxe4 Nf5 31. gxf5 Rxg2+ 32. Kxg2 dxe4 33. Qh3 Qxh3+
34. Kxh3 Kg7 35. Rg1+ Kf6 36. Rg5 e3 37. Kg2 Re8 38. Kf1 e2+ 39. Ke1 Re4 40.
Rg6+ Kxf5 41. Rxc6 Rxd4 42. Kxe2 Kxf4 43. Rh6 Ke4 44. Rxb6 Rxc4 1/2-1/2

[Event "1. liga V 18/19, Litovel-RnK"]
[Site ""]
[Date "2018.11.25"]
[Round "3.2"]
[White "Fiedorek, Michal"]
[Black "Belunek, Vladimir"]
[Result "1/2-1/2"]
[WhiteElo "2162"]
[BlackElo "2201"]
[PlyCount "0"]
[WhiteTeam "Panda Rychnov n. K."]
[BlackTeam "TJ Tatran Litovel"]
[EventDate "2018.10.21"]

1. e4 e5 2. Nf3 Nc6 3. Bb5 a6 4. Ba4 Nf6 5. O-O Be7 6. Re1 b5 7. Bb3 d6 8. a4
Rb8 9. axb5 axb5 10. c3 O-O 11. d3 Bb7 12. d4 Ra8 13. Rxa8 Qxa8 14. Nbd2 h6 15.
Bc2 Re8 16. d5 Nb8 17. Nf1 c6 18. dxc6 Bxc6 19. Ng3 Bf8 20. Nh4 d5 21. Qf3 Nbd7
22. Nhf5 b4 23. Bd2 bxc3 24. Bxc3 d4 25. Bd2 Rb8 26. Bc1 Qa2 27. Nf1 Ba4 28.
Bxa4 Qxa4 29. Nd2 Qc2 30. Qd1 Qc8 31. Nf3 Qc4 32. Ng3 Ne8 33. Nd2 Qb5 34. Qc2
1/2-1/2

[Event "1. liga V 18/19, Litovel-RnK"]
[Site ""]
[Date "2018.11.25"]
[Round "3.3"]
[White "Vanek, Ladislav"]
[Black "Mareckova, Martina"]
[Result "1/2-1/2"]
[WhiteElo "2239"]
[BlackElo "2122"]
[PlyCount "0"]
[WhiteTeam "TJ Tatran Litovel"]
[BlackTeam "Panda Rychnov n. K."]
[EventDate "2018.10.21"]

1. d4 d6 2. Bf4 g6 3. Nc3 Bg7 4. e4 Nd7 5. Qd2 e5 6. Bg5 Ngf6 7. dxe5 dxe5 8.
O-O-O c6 9. f3 Qe7 10. h4 Nb6 11. h5 h6 12. Bh4 g5 1/2-1/2

[Event "1. liga V 18/19, Litovel-RnK"]
[Site ""]
[Date "2018.11.25"]
[Round "3.4"]
[White "Jonas, Vlastimil"]
[Black "Pan, Vladimir"]
[Result "1/2-1/2"]
[WhiteElo "2106"]
[BlackElo "2027"]
[PlyCount "0"]
[WhiteTeam "Panda Rychnov n. K."]
[BlackTeam "TJ Tatran Litovel"]
[EventDate "2018.10.21"]

1. d4 Nf6 2. Bg5 d5 3. Bxf6 gxf6 4. c4 c6 5. e3 Bf5 6. Nc3 e6 7. Qb3 Qb6 8.
Qxb6 axb6 9. cxd5 exd5 10. Kd2 Nd7 11. Nge2 b5 12. Ng3 Bg6 13. b3 h5 14. h4 Ba3
15. Re1 Bb4 16. Ra1 Ba3 17. Re1 Bb4 18. Ra1 Ba3 1/2-1/2

[Event "1. liga V 18/19, Litovel-RnK"]
[Site ""]
[Date "2018.11.25"]
[Round "3.5"]
[White "Strasil, Pavel"]
[Black "Novotny, Josef"]
[Result "0-1"]
[WhiteElo "2036"]
[BlackElo "2016"]
[PlyCount "0"]
[WhiteTeam "TJ Tatran Litovel"]
[BlackTeam "Panda Rychnov n. K."]
[EventDate "2018.10.21"]

1. d4 e6 2. c4 d6 3. Nc3 Nf6 4. e4 g6 5. Be2 Bg7 6. Bg5 h6 7. Be3 Nc6 8. h3 Bd7
9. Nf3 Qe7 10. Qd2 a6 11. O-O g5 12. d5 Ne5 13. Nxe5 dxe5 14. Rfd1 Rd8 15. d6
cxd6 16. Qxd6 Qxd6 17. Rxd6 Bf8 18. Rd3 Bb4 19. f3 Rc8 20. a3 Be7 21. Rad1 a5
22. Kf2 Bc6 23. Bb6 a4 24. Nb5 Bxb5 25. cxb5 O-O 26. g4 Rc2 27. R1d2 Rfc8 28.
Ke3 Kf8 29. Bd1 R2c4 30. Kf2 Ke8 31. Kg3 Ra8 32. Kg2 Bc5 33. Bd8 Ng8 34. Ba5
Bd4 35. Bb4 Nf6 36. b3 Rxb4 37. axb4 a3 38. Ra2 Bb2 39. Rd2 Rd8 40. Rxd8+ Kxd8
41. Be2 Kc7 42. Kf2 Kb6 43. Ke3 Ne8 44. Kd2 Nd6 45. Rxb2 axb2 46. Kc2 b1=Q+ 47.
Kxb1 Nxb5 48. Kb2 Nd4 49. Bd1 Kb5 50. Kc3 f6 51. Bc2 Nxc2 52. Kxc2 Kxb4 53. Kb2
b6 54. Kc2 Ka3 0-1

[Event "1. liga V 18/19, Litovel-RnK"]
[Site ""]
[Date "2018.11.25"]
[Round "3.6"]
[White "Horak, Jan"]
[Black "Krejci, Jan"]
[Result "1/2-1/2"]
[WhiteElo "1950"]
[BlackElo "2107"]
[PlyCount "0"]
[WhiteTeam "Panda Rychnov n. K."]
[BlackTeam "TJ Tatran Litovel"]
[EventDate "2018.10.21"]

1. e4 e5 2. Nf3 Nf6 3. Nc3 Nc6 4. Bc4 Nxe4 5. Nxe4 d5 6. Bd3 dxe4 7. Bxe4 Bd6
8. O-O Bg4 9. h3 Bh5 10. c3 Qd7 11. Re1 f6 12. Nxe5 Bxd1 13. Nxd7 Kxd7 14. Bf5+
Kd8 15. Rxd1 g6 16. Bc2 Ne7 17. d4 c6 18. Bd2 Kd7 19. Re1 Rhe8 20. g3 Nd5 21.
Kg2 Rxe1 22. Rxe1 Re8 23. Rxe8 Kxe8 24. Bb3 Ne7 25. Be6 Nd5 26. Kf3 Nc7 27. Bb3
Nd5 28. c4 Ne7 29. Bc2 Kd7 30. h4 Ke6 31. Bf4 Bxf4 32. Kxf4 h6 33. f3 Kd6 34.
Ke3 b6 35. Kf4 Ke6 36. Ke3 Kd6 37. Kf4 Ke6 38. Ke3 1/2-1/2

[Event "1. liga V 18/19, Litovel-RnK"]
[Site ""]
[Date "2018.11.25"]
[Round "3.7"]
[White "Neoral, Antonin"]
[Black "Majocha, Piotr"]
[Result "0-1"]
[WhiteElo "2125"]
[BlackElo "1897"]
[PlyCount "0"]
[WhiteTeam "TJ Tatran Litovel"]
[BlackTeam "Panda Rychnov n. K."]
[EventDate "2018.10.21"]

1. e4 e6 2. d4 d5 3. Nc3 Bb4 4. e5 c5 5. a3 Bxc3+ 6. bxc3 Ne7 7. Qg4 O-O 8. Bd3
Qc7 9. Bd2 Nbc6 10. Nf3 Nf5 11. Qh3 c4 12. Bxf5 exf5 13. O-O f6 14. Rfe1 f4 15.
Qh5 fxe5 16. Nxe5 Bf5 17. Bxf4 Bxc2 18. Bg3 Nxe5 19. Bxe5 Qf7 20. Qh4 Qg6 21.
Re3 Rf7 22. Rae1 Raf8 23. Bg3 Qa6 24. Re6 Qxa3 25. Bd6 Qxc3 26. Bxf8 Rxf8 27.
Re8 Be4 28. Rxf8+ Kxf8 29. f3 Qxd4+ 30. Kh1 Qf6 31. Qg3 Qc3 32. fxe4 Qxg3 33.
hxg3 d4 34. Rd1 d3 35. Kg1 Ke7 36. Kf2 Kd6 37. Ke3 Kc5 38. Rf1 b5 39. Rf5+ Kc6
40. Kd4 a5 41. Rc5+ Kb6 42. Rd5 a4 43. Kc3 a3 44. Rf5 g6 45. Rf8 b4+ 46. Kd2 a2
47. Ra8 b3 48. Kc3 d2 49. Kxd2 b2 0-1

[Event "1. liga V 18/19, Litovel-RnK"]
[Site ""]
[Date "2018.11.25"]
[Round "3.8"]
[White "Pavlicek, Miroslav"]
[Black "Gerych, Jan"]
[Result "1/2-1/2"]
[WhiteElo "1960"]
[BlackElo "1991"]
[PlyCount "0"]
[WhiteTeam "Panda Rychnov n. K."]
[BlackTeam "TJ Tatran Litovel"]
[EventDate "2018.10.21"]

1. d4 Nf6 2. g3 e6 3. Bg2 d5 4. Nf3 Be7 5. O-O O-O 6. c3 b6 7. Bg5 Nbd7 8. Nbd2
Bb7 9. Re1 c5 10. Rc1 h6 11. Bxf6 Bxf6 12. e4 dxe4 13. Nxe4 Be7 14. Ne5 Nxe5
15. dxe5 Qc7 16. f4 Rad8 17. Qe2 Rd7 18. Rcd1 Rfd8 19. Nf2 Bxg2 20. Kxg2 Qc6+
21. Kh3 c4 22. Rxd7 Rxd7 23. Rd1 b5 24. Rxd7 Qxd7 25. Qe3 Bd8 26. Ne4 Bb6 27.
Qf3 Qd5 28. g4 Kf8 29. Kg3 Bc7 30. h4 Ke7 31. g5 hxg5 32. hxg5 Kd7 33. Kg4 Kc6
34. Ng3 a5 35. Nh5 g6 36. Nf6 Qxf3+ 37. Kxf3 Bb6 38. Ke4 a4 39. Ng4 Kd7 40. a3
Bc5 41. Kf3 Kd8 42. Nf6 Kc7 43. Ne4 Kc6 44. Ke2 Be7 45. Nf2 Kd7 46. Ng4 Bc5 47.
Kf3 Kd8 48. Ke4 Kd7 49. Nh2 1/2-1/2